ETHICS IN MANAGEMENT VOL.28: BUSINESS AND THE PROFESSIONS RESEARCH IN ETHICAL ISSUES IN ORGANIZATIONS (Record no. 8367)

MARC details
000 -LEADER
fixed length control field 00419nam a2200133Ia 4500
008 - FIXED-LENGTH DATA ELEMENTS--GENERAL INFORMATION
fixed length control field 260604s9999 xx 000 0 und d
020 ## - INTERNATIONAL STANDARD BOOK NUMBER
International Standard Book Number 9781836625759
082 ## - DEWEY DECIMAL CLASSIFICATION NUMBER
Classification number 658 BOA
100 ## - MAIN ENTRY--PERSONAL NAME
Personal name BOAKS [JACQUELINE]
9 (RLIN) 35546
245 #0 - TITLE STATEMENT
Title ETHICS IN MANAGEMENT VOL.28: BUSINESS AND THE PROFESSIONS RESEARCH IN ETHICAL ISSUES IN ORGANIZATIONS
260 ## - PUBLICATION, DISTRIBUTION, ETC.
Name of publisher, distributor, etc. EMERALD PUBLISHING
500 ## - GENERAL NOTE
General note Management, Business, Ethics
942 ## - ADDED ENTRY ELEMENTS (KOHA)
Koha item type Book
Holdings
Date last seen Total Checkouts Full call number Barcode Cost, replacement price Price effective from Koha item type Lost status Damaged status Not for loan Withdrawn status Home library Current library Shelving location Date acquired Cost, normal purchase price BOOK NO
06/04/2026   658 BOA 003985 9351.20 06/04/2026 Book         Indian Institute of Management Visakhapatnam Indian Institute of Management Visakhapatnam   06/04/2026 9351.20 BOA

Copyright © 2024 Indian Institute of Management Visakhapatnam
Koha v23.05